Every Song by L7 - Statistics

General Stats
  • This quiz has been taken 7 times
  • The average score is 10 of 83
Answer Stats
Album Song % Correct
Bricks Are Heavy(1992) Pretend We're Dead
100%
Bricks Are Heavy(1992) Shitlist
100%
Smell the Magic(1990) Shove
75%
Hungry for Stink(1994) Andres
50%
Bricks Are Heavy(1992) Monster
50%
Bricks Are Heavy(1992) Mr. Integrity
50%
Bricks Are Heavy(1992) Slide
50%
Bricks Are Heavy(1992) Wargasm
50%
Hungry for Stink(1994) Can I Run
25%
Slap-Happy(1999) Crackpot Baby
25%
Smell the Magic(1990) Deathwish
25%
Bricks Are Heavy(1992) Everglade
25%
Non-Album(2020) Fake Friends
25%
Slap-Happy(1999) Freeway
25%
Slap-Happy(1999) Freezer Burn
25%
Hungry for Stink(1994) Fuel My Fire
25%
Slap-Happy(1999) Human
25%
Slap-Happy(1999) Lackey
25%
Slap-Happy(1999) Little One
25%
Slap-Happy(1999) Mantra Down
25%
Bricks Are Heavy(1992) One More Thing
25%
Hungry for Stink(1994) Questioning My Sanity
25%
Scatter the Rats(2019) Scatter the Rats
25%
The Beauty Process: Triple Platinum(1997) The Beauty Process
25%
Hungry for Stink(1994) The Bomb
25%
Bricks Are Heavy(1992) This Ain't Pleasure
25%
The Beauty Process: Triple Platinum(1997) Bad Things
0%
Hungry for Stink(1994) Baggage
0%
L7(1988) Bite the Wax Tadpole
0%
The Beauty Process: Triple Platinum(1997) Bitter Wine
0%
Smell the Magic(1990) Broomstick
0%
Scatter the Rats(2019) Burn Baby
0%
L7(1988) Cat-O'-Nine-Tails
0%
Scatter the Rats(2019) Cool About Easy
0%
Non-Album(2023) Cooler Than Mars
0%
L7(1988) Cool Out
0%
Bricks Are Heavy(1992) Diet Pill
0%
Non-Album(2017) Dispatch from Mar-a-Lago
0%
Non-Album(2018) I Came Back to Bitch
0%
Live: Omaha to Osaka(1998) Pattylean
0%
The Beauty Process: Triple Platinum(1997) Drama
0%
Live: Omaha to Osaka(1998) El Whatusi
0%
Smell the Magic(1990) Fast and Frightening
0%
Scatter the Rats(2019) Fighting the Crave
0%
Hungry for Stink(1994) Freak Magnet
0%
Scatter the Rats(2019) Garbage Truck
0%
Scatter the Rats(2019) Holding Pattern
0%
L7(1988) I Drink
0%
The Beauty Process: Triple Platinum(1997) I Need
0%
L7(1988) It's Not You
0%
Smell the Magic(1990) Just Like Me
0%
L7(1988) Let's Rock Tonight
0%
Slap-Happy(1999) Livin' Large
0%
Slap-Happy(1999) Long Green
0%
The Beauty Process: Triple Platinum(1997) Lorenza, Giada, Alessandra
0%
The Beauty Process: Triple Platinum(1997) Me, Myself & I
0%
L7(1988) Metal Stampede
0%
The Beauty Process: Triple Platinum(1997) Moonshine
0%
L7(1988) Ms. 45
0%
Scatter the Rats(2019) Murky Water Cafe
0%
The Beauty Process: Triple Platinum(1997) Must Have More
0%
The Beauty Process: Triple Platinum(1997) Non-Existent Patricia
0%
The Beauty Process: Triple Platinum(1997) Off the Wagon
0%
Slap-Happy(1999) On My Rockin' Machine
0%
Scatter the Rats(2019) Ouija Board Lies
0%
Smell the Magic(1990) Packin' a Rod
0%
Scatter the Rats(2019) Proto Prototype
0%
Hungry for Stink(1994) Riding with a Movie Star
0%
Smell the Magic(1990) (Right On) Thru
0%
L7(1988) Runnin' from the Law
0%
Bricks Are Heavy(1992) Scrap
0%
Hungry for Stink(1994) She Has Eyes
0%
Hungry for Stink(1994) Shirley
0%
L7(1988) Snake Handler
0%
Scatter the Rats(2019) Stadium West
0%
Slap-Happy(1999) Stick to the Plan
0%
Hungry for Stink(1994) Stuck Here Again
0%
Hungry for Stink(1994) Talk Box
0%
The Beauty Process: Triple Platinum(1997) The Masses Are Asses
0%
Smell the Magic(1990) Till the Wheels Fall Off
0%
L7(1988) Uncle Bob
0%
Scatter the Rats(2019) Uppin' the Ice
0%
Slap-Happy(1999) War with You
0%
No matching quizzes found
Score Distribution
Percent of People with Each Score
Percentile by Number Answered
Your Score History
You have not taken this quiz